Studies in Hegel

Sparad:
Bibliografiska uppgifter
Huvudupphovsman: Tulane Studies in Philosophy
Materialtyp: Bok
Språk:Undetermined
Publicerad: Holanda Tulane University 1960
Ämnen:
Taggar: Lägg till en tagg
Inga taggar, Lägg till första taggen!

MARC

LEADER 00000nam a2200000Ia 4500
008 170316s9999 xx 000 0 und d
090 |a 100 T-19s 
100 |a Tulane Studies in Philosophy 
245 |a Studies in Hegel 
260 |a Holanda 
260 |b Tulane University 
260 |c 1960 
300 |a 187 páginas 
650 |a FILOSOFÍA 
999 |c 17751  |d 17751 
040 |a cru BVZT 
942 |c 15 D  |h 100 T-19s  |2 z